What you don't know will hurt you: sexual abuse in schools
Child abuse: what is it and how does it happen? -- See no evil, hear no evil, speak no evil: not true with legislation -- Shh! the deadly silence of sexual abuse in special education -- The silent sin of sexual abuse: lessons learned from the past -- Sexual abuse prevention in schools -- Prevention...
| VerfasserInnen: | ; |
|---|---|
| Medienart: | Druck Buch |
| Sprache: | Englisch |
| Veröffentlicht: |
Lanham [u.a.]
Rowman & Littlefield Education
c2009
|
| In: | Jahr: 2009 |
| Online-Zugang: |
Inhaltsverzeichnis |
| Bestand in Tübingen: | In Tübingen vorhanden. UB: KB 9 E 1536 |
| Verfügbarkeit prüfen: | HBZ Gateway |
| Subito Bestelldienst: | Jetzt bestellen. |
| Schlagwörter: |
MARC
| LEADER | 00000cam a2200000 c 4500 | ||
|---|---|---|---|
| 001 | 1622693817 | ||
| 003 | DE-627 | ||
| 005 | 20251225202537.0 | ||
| 007 | tu | ||
| 008 | 091015s2009 xxu||||| 00| ||eng c | ||
| 010 | |a 2009019443 | ||
| 020 | |a 9781607092681 |c cloth : alk. paper |9 978-1-60709-268-1 | ||
| 020 | |a 9781607092698 |c pbk. : alk. paper |9 978-1-60709-269-8 | ||
| 035 | |a (DE-627)1622693817 | ||
| 035 | |a (DE-576)311844561 | ||
| 035 | |a (DE-599)BSZ311844561 | ||
| 035 | |a (OCoLC)698813263 | ||
| 040 | |a DE-627 |b ger |c DE-627 |e rakwb | ||
| 041 | |a eng | ||
| 044 | |c XD-US | ||
| 050 | 0 | |a HV6570.2 | |
| 082 | 0 | |a 362.760973 | |
| 100 | 1 | |a Skarbek, Denise |d 1965- |0 (DE-588)139747052 |0 (DE-627)703450484 |0 (DE-576)311844510 |4 aut | |
| 109 | |a Skarbek, Denise 1965- | ||
| 245 | 1 | 0 | |a What you don't know will hurt you |b sexual abuse in schools |c Denise Skarbek and Patricia A. Parrish |
| 264 | 1 | |a Lanham [u.a.] |b Rowman & Littlefield Education |c c2009 | |
| 300 | |a XI, 139 S. | ||
| 336 | |a Text |b txt |2 rdacontent | ||
| 337 | |a ohne Hilfsmittel zu benutzen |b n |2 rdamedia | ||
| 338 | |a Band |b nc |2 rdacarrier | ||
| 500 | |a Includes bibliographical references | ||
| 520 | |a Child abuse: what is it and how does it happen? -- See no evil, hear no evil, speak no evil: not true with legislation -- Shh! the deadly silence of sexual abuse in special education -- The silent sin of sexual abuse: lessons learned from the past -- Sexual abuse prevention in schools -- Prevention curriculum -- Appendix A: federal criminal code -- Appendix B: teaching cases | ||
| 583 | 1 | |a Archivierung prüfen |c 20200919 |f DE-640 |z 1 |2 pdager | |
| 650 | 0 | |a Child Sexual Abuse |x United States | |
| 650 | 0 | |a School children |x Crimes against |x United States | |
| 650 | 0 | |a students with disabilities |x Crimes against |x United States | |
| 650 | 0 | |a Child Sexual Abuse |x Prevention |x United States | |
| 689 | 0 | 0 | |d g |0 (DE-588)4078704-7 |0 (DE-627)106076612 |0 (DE-576)209209682 |a USA |2 gnd |
| 689 | 0 | 1 | |d s |0 (DE-588)4053369-4 |0 (DE-627)106167367 |0 (DE-576)20910354X |a Schüler |2 gnd |
| 689 | 0 | 2 | |d s |0 (DE-588)4126865-9 |0 (DE-627)105729094 |0 (DE-576)20958873X |a Sexueller Missbrauch |2 gnd |
| 689 | 0 | 3 | |d s |0 (DE-588)4076308-0 |0 (DE-627)104364106 |0 (DE-576)209201428 |a Prävention |2 gnd |
| 689 | 0 | |5 (DE-627) | |
| 700 | 1 | |a Parrish, Patricia A. |4 aut | |
| 776 | 1 | |z 9781607092704 | |
| 856 | 4 | 2 | |u https://swbplus.bsz-bw.de/bsz311844561inh.htm |m B:DE-576;DE-21 |q application/pdf |v 20091124105307 |x Verlag |3 Inhaltsverzeichnis |7 1 |
| 951 | |a BO | ||
| ELC | |b 1 | ||
| LOK | |0 000 xxxxxcx a22 zn 4500 | ||
| LOK | |0 001 3246937141 | ||
| LOK | |0 003 DE-627 | ||
| LOK | |0 004 1622693817 | ||
| LOK | |0 005 20091106134040 | ||
| LOK | |0 008 091015||||||||||||||||ger||||||| | ||
| LOK | |0 040 |a DE-21 |c DE-627 |d DE-21 | ||
| LOK | |0 852 |a DE-21 | ||
| LOK | |0 852 1 |c KB 9 E 1536 |9 00 | ||
| LOK | |0 935 |a krim | ||
| LOK | |0 936ln |a k4.2.2 | ||
| LOK | |0 938 |a 0911 |f 34 | ||
| LOK | |0 939 |a 15-10-09 |b l01 | ||
| ORI | |a SA-MARC-krimdoka001.raw | ||
| SIG | |a UB: KB 9 E 1536 | ||
